Statistics for Fill In The Blanks #2

Click here to take the quiz!

General Stats

  • This quiz has been taken 19 times
  • The average score is 4 of 6

Answer Stats

HintScientistAnswer% Correct
Quantum Theory of LightA_b_r_ E_n_t_i_Albert Einstein
94%
LightbulbT_o_a_ A_v_ E_i_o_nThomas Alva Edison
82%
AC MotorN_k_l_ T_s_aNikola Tesla
76%
TelescopeG_l_l_o G_l_l_iGalileo Galilei
71%
3 laws of motionI_a_c _e_t_nIsaac Newton
65%
Hypergeometric seriesS_i_i_a_a _a_a_u_a_Srinivasa Ramanujan
12%

Score Distribution

Percentile by Number Answered

Percent of People with Each Score

Your Score History

You have not taken this quiz